| 000 | 01256nam0a22002891 4500 | ||
|---|---|---|---|
| 001 | rc\2289980 | ||
| 005 | 20260407105751.0 | ||
| 035 | _a(NLR Aleph) 006466031 | ||
| 090 |
_a5885716 _c5885716 |
||
| 100 | _a20110829d1977 |||y0rusy50 ca | ||
| 101 | 0 | _arus | |
| 102 | _aRU | ||
| 105 | _aa z ||||| | ||
| 200 | 1 |
_aАвтоматизированная система планирования мелкосерийного производства с учетом комплектации заказов по направлениям отгрузки _f[И.А. Медведев, С.М. Аверин, Б.И. Камень и др.] |
|
| 210 |
_aДонецк _cИЭП _d1977 |
||
| 215 |
_a18 с. _cил. _d20 |
||
| 225 | 1 |
_aПрепринт доклада _fАН УССР, Ин-т экономики пром-сти _vИЭП 77-6-АСУ |
|
| 320 | _aБиблиогр.: с. 18 | ||
| 701 | 1 |
_aАверин _bС.М. |
|
| 701 | 1 |
_aКамень _bБ.И. |
|
| 701 | 1 |
_aМедведев _bИ.А. _gИван Алексеевич |
|
| 712 | 0 | 2 |
_aИнститут экономики промышленности _cДонецк _3RU\NLR\AUTH\889937507 _9369841 |
| 801 | 0 |
_aRU _bNLR _gpsbo |
|
| 801 | 1 |
_aRU _bELAR _2rusmarc |
|
| 852 |
_aNLR _j79-4/25190 |
||
| 942 | _cBOOK | ||
| 980 | _aNB | ||